<?xml version="1.0" encoding="UTF-8"?><marc:collection xmlns:marc="http://www.loc.gov/MARC21/slim">
  <marc:record>
    <marc:leader>00000nam##2200000za#4500</marc:leader>
    <marc:controlfield tag="001">9.647673</marc:controlfield>
    <marc:controlfield tag="003">CaOODSP</marc:controlfield>
    <marc:controlfield tag="005">20200330121514</marc:controlfield>
    <marc:controlfield tag="007">ta</marc:controlfield>
    <marc:controlfield tag="008">150407|2000||||xxc|||||     f|0| 0 eng|d</marc:controlfield>
    <marc:datafield tag="020" ind1=" " ind2=" ">
      <marc:subfield code="a">0-662-28732-0</marc:subfield>
    </marc:datafield>
    <marc:datafield tag="040" ind1=" " ind2=" ">
      <marc:subfield code="a">CaOODSP</marc:subfield>
      <marc:subfield code="b">eng</marc:subfield>
    </marc:datafield>
    <marc:datafield tag="043" ind1=" " ind2=" ">
      <marc:subfield code="a">n-cn---</marc:subfield>
    </marc:datafield>
    <marc:datafield tag="086" ind1="1" ind2=" ">
      <marc:subfield code="a">A22-203/2000E</marc:subfield>
    </marc:datafield>
    <marc:datafield tag="110" ind1="1" ind2=" ">
      <marc:subfield code="a">Canada. </marc:subfield>
      <marc:subfield code="b">Agriculture and Agri-Food Canada.</marc:subfield>
    </marc:datafield>
    <marc:datafield tag="245" ind1="1" ind2="4">
      <marc:subfield code="a">The relevance and potential impact of Kyoto Protocol Mechanisms for the Canadian agriculture and agri-food sector </marc:subfield>
    </marc:datafield>
    <marc:datafield tag="260" ind1=" " ind2=" ">
      <marc:subfield code="a">Ottawa - Ontario : </marc:subfield>
      <marc:subfield code="b">Agriculture and Agri-Food Canada </marc:subfield>
      <marc:subfield code="c">2000.</marc:subfield>
    </marc:datafield>
    <marc:datafield tag="300" ind1=" " ind2=" ">
      <marc:subfield code="a">61p. in various pagings. : </marc:subfield>
      <marc:subfield code="b">tables ; </marc:subfield>
      <marc:subfield code="c">28 cm.</marc:subfield>
    </marc:datafield>
    <marc:datafield tag="500" ind1=" " ind2=" ">
      <marc:subfield code="a">"This study was commissioned by Agriculture and Agri-Food Canada to assess, qualitatively, the relevance and potential impact of an international tradeable permit system, the Clean Development Mechanism and Joint Implementation in the likely event that the Canadian agriculture and agri-food sector has to reduce greenhouse gas emissions."--Foreword. Contents: Kyoto Protocol Mechanisms.--Ability of emission sources to use the Kyoto Protocol Mechanisms.--Potential impact of Kyoto Protocol Mechanisms.--Greenhouse gas emissions by the Agriculture and Agri-Food Sector.</marc:subfield>
    </marc:datafield>
    <marc:datafield tag="504" ind1=" " ind2=" ">
      <marc:subfield code="a">Bibliography.</marc:subfield>
    </marc:datafield>
    <marc:datafield tag="520" ind1="3" ind2=" ">
      <marc:subfield code="a">This study was commissioned by Agriculture and Agri-Food Canada to assess, qualitatively, the relevance and potential impact of an international tradeable permit system, the Clean Development Mechanism and Joint Implementation in the likely event that the Canadian agriculture and agri-food sector has to reduce greenhouse gas emissions.--Foreword</marc:subfield>
    </marc:datafield>
    <marc:datafield tag="563" ind1=" " ind2=" ">
      <marc:subfield code="a">Spiral binding</marc:subfield>
    </marc:datafield>
    <marc:datafield tag="590" ind1=" " ind2=" ">
      <marc:subfield code="a">00-19</marc:subfield>
      <marc:subfield code="b">2000-05-12</marc:subfield>
    </marc:datafield>
    <marc:datafield tag="690" ind1="0" ind2="7">
      <marc:subfield code="a">Agri-food industry</marc:subfield>
      <marc:subfield code="2">gcpds</marc:subfield>
    </marc:datafield>
    <marc:datafield tag="690" ind1="0" ind2="7">
      <marc:subfield code="a">Pollution control</marc:subfield>
      <marc:subfield code="2">gcpds</marc:subfield>
    </marc:datafield>
    <marc:datafield tag="690" ind1="0" ind2="7">
      <marc:subfield code="a">Air pollution</marc:subfield>
      <marc:subfield code="2">gcpds</marc:subfield>
    </marc:datafield>
    <marc:datafield tag="775" ind1="0" ind2="8">
      <marc:subfield code="t">Pertinence et incidence possible des mécanismes du Protocole de Kyoto sur le secteur canadien de l'agriculture et de l'agroalimentaire </marc:subfield>
      <marc:subfield code="w">(CaOODSP)9.681068</marc:subfield>
    </marc:datafield>
    <marc:datafield tag="776" ind1="0" ind2="#">
      <marc:subfield code="t">The relevance and potential impact of Kyoto Protocol Mechanisms for the Canadian agriculture and agri-food sector </marc:subfield>
      <marc:subfield code="w">(CaOODSP)9.693517</marc:subfield>
    </marc:datafield>
    <marc:datafield tag="986" ind1=" " ind2=" ">
      <marc:subfield code="a">2033/E</marc:subfield>
    </marc:datafield>
  </marc:record>
</marc:collection>
